000 01852cam a22005054i 4500
003 PE-LiUPU
005 20250731165449.0
008 150623s r 000 0 d
020 _a0816312966
035 _a(Sirsi) i9780816312962
040 _aPE-LiUPU
_bspa
_cPE-LiUPU
_erda
049 _aPRUA
082 0 4 _a220.77
_bBA
_221
100 1 _aBrunt, John C.,
_eautor.
245 1 0 _aRomans; Mercy for all.
_n45 /
_cJohn C. Brunt.
264 1 _aBoise, Idaho :
_bPacific press publishing association,
_c1996.
300 _a281 páginas ;
_c24 centímetros
336 _atext
_2rdacontent
337 _aunmediated
_2rdamedia
338 _avolume
_2rdacarrier
490 0 _aThe abundant life bible amplifier ;
_v45
504 _aIncluye bibliografía.
505 0 _aThe gospel introduced. -Sin and wrath. -The experience of salvation. -God`s purpose for Jew and gentile. -The christian life. -Plans and greetings.
526 _aSEG44
526 _aSEG26
526 _aP151
526 _aP150
526 _aP149
526 _aP146
526 _aP145
526 _aP126
526 _aP125
526 _aP92
526 _aP75
526 _aP74
526 _aP27
526 _aP15
630 _aBiblia.
_pN.T.
_pRomanos
_xComentarios.
942 _2ddc
_cBOOK
949 _aRC 220.77 BA 45
_wDEWEY
_c1
_i43893
_d2016-3-27
_e2016-3-23
_lCCODEBUL1
_mBUL
_n1
_r0
_sY
_tBOOK
_u2015-6-24
_xTEOLOGIA
_PP35
_0COMPRA
_o.CIRCNOTE. No olvidar cambiar la fecha de devolución!!!!!!!
_o.STAFF. Colección General
994 _aC0
_bPEPRU
596 _a1
999 _aRC 220.77 BA 45
_wDEWEY
_c20459
_i43893
_d20459
_e2016-3-23
_f2021-11-8
_g6
_lCCODEBUL1
_mBUL
_n1
_r1
_sY
_tBOOK
_u2015-6-24
_xTEOLOGIA
_PP35
_0COMPRA
_o.CIRCNOTE. No olvidar cambiar la fecha de devolución!!!!!!!
_o.STAFF. Colección General
980 _81
_gALBERTO SANCHEZ Responsable de Automatización